[Event "Budimex POL-ch Women 2018"]
[Site "Warsaw"]
[Date "2018.05.15"]
[Round "4"]
[White "Socko, Monika"]
[Black "Kulon, Klaudia"]
[Result "0-1"]
[WhiteElo "2458"]
[BlackElo "2353"]
[Annotator "TA"]
[PlyCount "86"]
[EventDate "2018.??.??"]
[EventType "tourn"]
[EventCountry "POL"]
[SourceTitle "playchess.com"]
[Source "ChessBase"]
[SourceQuality "1"]

{[%evp 16,86,47,18,16,7,66,66,69,58,74,-23,-15,-14,-10,-12,-3,-15,-8,-8,14,-3,46,48,45,50,58,59,43,57,58,45,63,0,0,0,0,0,0,0,0,0,7,7,3,0,134,134,137,90,102,0,0,0,0,0,0,-29970,-29973,-29973,-29973,-29972,-29974,-29974,-29975,-5019,-5639,-29976,-29977,-29980,-29980,-29980,-29981]} 1. d4 f5 2. g3 Nf6 3. Bg2 g6 4. c4 Bg7 5. Nc3 O-O 6. Nh3 d6 7. O-O Nc6 {[%cal Bb8c6,Bc6e5,Be5g4,Bg4f6][%mdl 32]} 8. d5 Ne5 9. Qb3 {LiveBook: 28 Games} c5 {A86: Dutch Defence: Leningrad System: Unusual lines and 5 Nh3} (9... Nfd7 10. Be3 Nb6 11. c5 Nbc4 12. Bf4 h6 13. cxd6 exd6 14. Bc1 Nb6 15. Nf4 Qe7 16. a4 Kh7 17. a5 {½-½ (60) Jumabayev,R (2545)-Bartel,M (2635) St Petersburg 2012}) 10. Ng5 $146 ({Predecessor:} 10. Bd2 a6 11. a4 Rb8 12. Qa2 b6 13. Nf4 Ne8 14. Rab1 Bd7 15. Nd3 Nc7 16. b4 Nxd3 17. exd3 {1-0 (29) Oms Pallisse,J (2428)-Vidarte Morales,A (2394) Spain 2003}) 10... Ne8 (10... Rb8 $11) 11. f4 $14 Ng4 {White is slightly better.} 12. h3 Ngf6 13. Ne6 (13. e4 $16) 13... Bxe6 $1 $11 14. dxe6 Rb8 15. e4 fxe4 16. Nxe4 Nxe4 17. Bxe4 Nf6 18. Bg2 b5 19. cxb5 Qa5 20. a4 a6 {[%cal Ra6b5]} 21. Qc3 Qxc3 22. bxc3 axb5 23. a5 d5 24. a6 (24. Be3 $14) 24... Ne4 25. Bxe4 dxe4 26. Ra3 $36 {[%mdl 2048] White is pushing.} b4 27. cxb4 Bd4+ 28. Kg2 {bxc5 is the strong threat.} Rxb4 29. f5 {next fxg6 is good for White.} Ra8 30. g4 Rb6 (30... gxf5 $11 31. gxf5 (31. Rxf5 Rb6 $11) 31... Kg7) 31. Bg5 $1 $16 {[%cal Rg5e7]} Kf8 32. Bh6+ Kg8 {[#]} 33. fxg6 (33. a7 $1 $16) 33... hxg6 $11 {[%cal Bh7g6,Bg6g5][%mdl 32]} 34. a7 {Strongly threatening Rf8+!} Rb2+ 35. Kg3 c4 $1 {Threatens to win with ...Rb3+.} 36. Rf8+ $2 {[%mdl 8192]} (36. Ra4 $11) 36... Rxf8 37. Bxf8 {[%mdl 4096] Endgame [#] KRB-KRB} g5 $1 {[%cal Rd4e5]} 38. Ra5 Bf2+ 39. Kg2 Bxa7+ $1 40. Kf1 Kxf8 41. Rxa7 c3 {[%cal Bc4c3,Bc3c2][%mdl 32] Black mates.} 42. Rc7 c2 43. Ke1 e3 {Precision: White = 74%, Black = 71%.} 0-1

[Event "Budimex POL-ch Women 2018"]
[Site "Warsaw"]
[Date "2018.05.15"]
[Round "4"]
[White "Szczepkowska, Karina"]
[Black "Rajlich, Iweta"]
[Result "0-1"]
[WhiteElo "2404"]
[BlackElo "2389"]
[Annotator "TA"]
[PlyCount "112"]
[EventDate "2018.??.??"]
[EventType "tourn"]
[EventCountry "POL"]
[SourceTitle "playchess.com"]
[Source "ChessBase"]
[SourceQuality "1"]

{[%evp 16,112,55,45,52,39,41,41,41,46,44,36,37,42,50,49,52,36,59,48,67,65,72,71,71,70,72,67,80,72,70,77,118,116,124,88,90,92,80,67,58,0,76,52,50,0,0,0,0,0,0,0,37,0,0,0,0,-216,-216,-221,-221,-223,-221,-270,-223,-228,-219,-557,-554,-510,-478,-425,-452,-443,-449,-894,-881,-768,-525,-1199,-1241,-1140,0,0,0,-1276,-1132,-1190,-1175,-29984,-29984,-29983,-29984,-29989,-29990,-29990,-29991,-29993,-29994]} 1. d4 Nf6 2. c4 b6 3. Nf3 Bb7 4. Nc3 g6 5. Qc2 (5. g3 Bg7 6. Bg2 O-O 7. O-O e6 8. Bf4 d6 9. Qc2 Nbd7 10. Rad1 Qe7 11. e4 e5 12. Bc1 Rfe8 13. Nd5 Nxd5 14. cxd5 Rac8 15. dxe5 dxe5 {½-½ (68) Wang,Y (2690)-Mamedyarov,S (2804) chess.com INT 2018}) 5... d5 6. cxd5 {A50: Queen's Fianchetto Defence (1 d4 Nf6 2 c4 b6)} Nxd5 7. e4 Nxc3 8. bxc3 Bg7 9. Be2 {LiveBook: 3 Games} Nd7 $146 ({Predecessor:} 9... O-O 10. O-O c5 11. d5 Qd6 12. Rb1 Nd7 13. Nd2 Rad8 14. f4 Qc7 15. c4 e6 16. Nf3 Rfe8 17. Rd1 exd5 18. cxd5 c4 {0-1 (60) Schreiner,P (2480)-Stupak,K (2578) Heraklio 2017}) 10. e5 c5 11. e6 fxe6 12. Ng5 O-O 13. Nxe6 Qc8 $1 14. Nxf8 Kxf8 15. d5 Bxd5 16. O-O Qc6 17. f3 c4 18. Be3 Nc5 19. Rfd1 {[%cal Bf1d1,Bd1d2,Bd2d4][%mdl 32]} e6 20. Qd2 Na4 21. Rac1 Kg8 22. Bd4 Bxd4+ 23. Qxd4 Rf8 24. Rd2 a5 25. Qe3 b5 26. Rd4 Qc5 27. Kf2 Qc7 28. Kg1 (28. h4 $14) 28... Nb6 (28... Qc5 $1 $11 {remains equal.}) 29. Rg4 Rf5 30. Rg5 Rxg5 31. Qxg5 b4 32. cxb4 axb4 33. h4 {And now h5 would win.} Qc5+ 34. Kf1 {White wants to play h5.} c3 35. h5 Nc4 {Threatens to win with ...Ne3+.} 36. h6 $2 {[#]} (36. hxg6 $11 h6 37. Qd8+ (37. Qxh6 Ne3+ 38. Ke1 Nxg2+ 39. Kf1 Ne3+ 40. Ke1 Ng2+ 41. Kf1 Ne3+ 42. Ke1 Ng2+ $11) 37... Kg7 38. Qd7+ Kxg6 39. Bd3+ Kf6 40. Qd8+ Kf7 41. Qd7+ Kf8 42. Qd8+ Kg7 43. Qd7+ Kf6 44. Qd8+ Kg7 45. Qd7+ Kf6) 36... Ne3+ $19 37. Kg1 Nf5+ 38. Kh1 Bxa2 39. Bd3 Qe3 40. Qd8+ Kf7 41. Ra1 $2 (41. Rd1 Qxh6+ 42. Kg1 Qe3+ 43. Kh1 Qh6+ 44. Kg1 Qe3+ 45. Kh1) 41... Qxh6+ 42. Kg1 {With the idea Qc7+.} Qe3+ 43. Kh1 Qd2 44. Qc7+ Ne7 45. Rxa2 (45. Kh2 $142) 45... Qxa2 46. Qf4+ Nf5 {[#] ...Qd2 is the strong threat.} 47. Qc7+ Kf6 48. Qd8+ Kg7 $2 ({Better is} 48... Ke5 $19 49. Bxf5 exf5 50. Qh8+ Kf4 51. Qxh7 Qd2 52. Qxg6 b3) 49. Qc7+ $11 Kf6 50. Qd8+ Ke5 51. Qb8+ Kd4 52. Bf1 Ke3 {Black mates.} 53. Qb6+ Nd4 54. Qxb4 Qd2 55. Qd6 Kf2 56. g4 Qh6+ {Precision: White = 54%, Black = 76%.} 0-1

[Event "Budimex POL-ch Women 2018"]
[Site "Warsaw"]
[Date "2018.05.15"]
[Round "4"]
[White "Majdan, Joanna"]
[Black "Zawadzka, Jolanta"]
[Result "1/2-1/2"]
[WhiteElo "2369"]
[BlackElo "2424"]
[Annotator "TA"]
[PlyCount "65"]
[EventDate "2018.??.??"]
[EventType "tourn"]
[EventCountry "POL"]
[SourceTitle "playchess.com"]
[Source "ChessBase"]
[SourceQuality "1"]

{[%evp 25,65,0,20,14,31,23,37,52,40,0,2,0,0,0,0,0,26,16,20,15,14,14,19,17,20,5,6,4,6,0,15,13,10,7,17,1,7,0,0,0,0,0]} 1. e4 e5 2. Bc4 Nc6 3. Nf3 Bc5 4. c3 Nf6 5. d3 d6 6. Nbd2 O-O 7. Bb3 Ne7 8. O-O Bb6 9. h3 {C54: Giuoco Piano: 4 c3 Nf6, main lines with 5 d4 and 5 d3} c6 10. Re1 Ng6 11. Nf1 (11. d4 Re8 12. Bc2 h6 13. Nf1 d5 14. exd5 e4 15. Ne5 cxd5 16. Nxg6 fxg6 {0-1 (41) Volokitin,A (2628)-Aronian,L (2805) Riadh 2017}) 11... h6 12. Ng3 d5 13. exd5 Nxd5 {LiveBook: 15 Games} 14. d4 exd4 15. Nxd4 {[#]} Re8 $146 16. Rxe8+ Qxe8 17. Qe2 (17. Bxd5 {looks sharper.} cxd5 18. Be3 Bd7 19. Qd2 Nh4 20. Re1) 17... Qxe2 18. Ngxe2 Nde7 19. Be3 Bd7 20. Rd1 c5 21. Nc2 Bc6 {The position is equal.} 22. Nf4 Nxf4 23. Bxf4 Rd8 24. Rxd8+ Bxd8 25. Bd6 b6 $1 26. Ne3 Nc8 27. Be5 Kf8 28. Nf5 f6 29. Bb8 Bd7 30. g4 h5 31. Kg2 hxg4 32. hxg4 g6 33. Ne3 {Precision: White = 39%, Black = 73%.} 1/2-1/2

[Event "Budimex POL-ch Women 2018"]
[Site "Warsaw"]
[Date "2018.05.15"]
[Round "4"]
[White "Warakomska, Anna"]
[Black "Kubicka, Anna"]
[Result "1-0"]
[WhiteElo "2295"]
[BlackElo "2219"]
[Annotator "TA"]
[PlyCount "67"]
[EventDate "2018.??.??"]
[EventType "tourn"]
[EventCountry "POL"]
[SourceTitle "playchess.com"]
[Source "ChessBase"]
[SourceQuality "1"]

{[%evp 22,67,24,23,20,22,35,16,51,41,40,31,44,0,0,-40,0,0,79,35,60,41,88,81,219,97,91,90,79,98,118,92,190,205,199,199,425,403,506,498,29983,29984,12841,2629,29989,29990,29998,29999]} 1. e4 c5 2. Nf3 d6 3. d4 cxd4 4. Nxd4 Nf6 5. Nc3 a6 6. Be3 e5 7. Nb3 Be6 8. h3 {B90: Sicilian Najdorf: Unusual White 6th moves, 6 Be3 Ng4 and 6 Be3 e5} (8. f3 Nbd7 9. Qd2 b5 10. g4 b4 11. Ne2 h6 12. Ng3 d5 13. Bd3 Qc7 14. Qe2 dxe4 15. Nxe4 Nd5 16. Bd2 a5 17. c4 bxc3 18. Nxc3 Nxc3 19. Bxc3 {½-½ (51) Fedoseev,V (2724)-Robson,R (2645) chess.com INT 2018}) 8... Be7 9. f4 exf4 10. Bxf4 Nc6 11. Qe2 Nd7 12. O-O-O {LiveBook: 101 Games} Nce5 13. Kb1 {[#]} O-O $146 ({Predecessor:} 13... Rc8 14. Qe3 O-O 15. g4 b5 {½-½ (46) Murray,T (2556)-Kupsys,A (2549) ICCF email 2015}) 14. Qe3 Qc7 15. g4 {[%cal Bg2g4,Bg4g5][%mdl 32]} b5 16. g5 Rac8 {White must now prevent ...b4.} 17. Qf2 Nb6 {[%cal Bd7b6,Bb6a4,Ba4b2][%mdl 32]} 18. Nd5 Bxd5 19. exd5 Nec4 (19... f6 $11 {keeps the balance.} 20. g6 hxg6) 20. Bxc4 bxc4 21. Na5 Na4 22. Nc6 $36 {[%mdl 2048] White is really pushing.} Rb8 (22... Rfe8 $16 {keeps fighting.}) 23. Nxb8 (23. Ka1 $1 $18) 23... Rxb8 $16 24. Ka1 $1 Nxb2 25. Rb1 c3 26. Rhe1 {[%cal Bh1e1,Be1e4,Be4e8,Be8f8][%mdl 32]} Rb5 (26... Bf8 $16) 27. Qd4 $18 Rc5 {Black wants to play ...Rc4.} 28. Re4 $1 Bf8 $2 (28... g6 29. Rbe1 Rc4) 29. Re8 Rc4 30. Qe3 Ra4 (30... Qd7 $18 31. Re1 Rc8) 31. Re1 g6 {[#]} 32. Qg3 (32. Rxf8+ $142 $1 {[%mdl 512]} Kxf8 {[#]} 33. Bxd6+ $1 {[%mdl 512]} Qxd6 34. Qxc3) 32... Nc4 33. Qxc3 Ra3 {[#]} 34. Rxf8+ $1 {[%mdl 512] Precision: White = 63%, Black = 27%.} 1-0

[Event "Budimex POL-ch Women 2018"]
[Site "Warsaw"]
[Date "2018.05.15"]
[Round "4"]
[White "Bartel, Marta"]
[Black "Sliwicka, Alicja"]
[Result "0-1"]
[WhiteElo "2280"]
[BlackElo "2261"]
[Annotator "TA"]
[PlyCount "98"]
[EventDate "2018.??.??"]
[EventType "tourn"]
[EventCountry "POL"]
[SourceTitle "playchess.com"]
[Source "ChessBase"]
[SourceQuality "1"]

{[%evp 17,98,-36,0,-70,-74,-61,-68,-53,-54,-63,-36,-127,-122,-114,-132,-137,-115,-135,-125,-158,-172,-223,-134,-160,-131,-310,-303,-322,-303,-273,-270,-332,-32,-329,-331,-327,-308,-501,-474,-725,-555,-825,-819,-822,-801,-791,-732,-641,-337,-597,-460,-609,-589,-592,-424,-591,-503,-513,-468,-505,-527,-472,-393,-390,-353,-383,-379,-393,-392,-384,-383,-377,-353,-356,-341,-464,-447,-507,-507,-579,-575,-597,-603]} 1. Nf3 c5 2. g3 Nc6 3. Bg2 g6 4. e4 Bg7 5. d3 d6 6. O-O e5 7. c3 Nge7 8. Be3 O-O 9. Na3 h6 10. d4 {A04: Unusual lines after 1 Nf3 and King's Indian Attack} (10. Qd2 $11) (10. Qd2 Kh7 11. d4 cxd4 12. cxd4 Bg4 13. Nc2 Rc8 14. Rac1 b6 15. h3 Bd7 16. Rfd1 Rc7 17. Na3 exd4 18. Nxd4 {0-1 (42) Danielian,E (2497)-Hou,Y (2578) Beijing 2011}) 10... exd4 $15 11. cxd4 d5 $1 {[%cal Rd5e4]} 12. dxc5 {Black is slightly better.} dxe4 13. Nd2 Nf5 14. Nac4 (14. Nxe4 $15 Nxe3 15. fxe3) 14... Nxe3 $17 15. fxe3 f5 16. Qb3 Kh7 17. Rad1 $146 {Black should prevent Nxe4.} ({Predecessor:} 17. g4 Qd5 18. gxf5 gxf5 {½-½ (25) Mohr,G (2420)-Tratar,M (2380) Maribor 1994}) 17... Qe7 18. Qa3 Be6 19. b4 (19. Nd6 $142) 19... b5 20. Na5 Ne5 {[%cal Bc6e5,Be5g4,Bg4f2,Bf2d3][%mdl 32] Strongly threatening ...Qg5.} 21. Kh1 $2 (21. Ndb3 $17 {was the only defense.}) 21... Rfd8 22. Ndb3 Rxd1 23. Rxd1 Ng4 {[#] And now ...Nf2+ would win.} 24. Re1 Nf2+ 25. Kg1 Nd3 26. Re2 Qd7 27. Nc1 $2 {[#]} (27. c6 {might work better.} Qe7 28. Nd4) 27... Nb2 $1 $19 {[%mdl 512]} 28. Re1 (28. Rf2 $142 Nd1 29. Ncb3) (28. Rxb2 Qd1+) 28... Na4 29. Re2 Nc3 {aiming for ...Nb1.} 30. Nab3 Nxe2+ 31. Nxe2 Qd1+ 32. Bf1 Bxb3 33. axb3 $2 (33. Qxb3 Rd8 34. g4) 33... Qd2 34. Kf2 a5 35. c6 Qd6 36. Qc1 Rc8 37. bxa5 Rxc6 38. Qb1 Qb4 39. Qd1 Qxa5 40. Nf4 Qb6 41. Qd7 Rd6 42. Qf7 Qc6 43. Be2 Qd7 44. Qxd7 Rxd7 45. Bxb5 {KRB-KBN} Rd2+ 46. Ne2 Bf8 {Black is clearly winning.} 47. Bc4 Bc5 48. h4 Kg7 49. Bb5 Rb2 {Precision: White = 38%, Black = 87%.} 0-1

[Event "Budimex POL-ch Women 2018"]
[Site "Warsaw"]
[Date "2018.05.16"]
[Round "5"]
[White "Zawadzka, Jolanta"]
[Black "Szczepkowska, Karina"]
[Result "1-0"]
[WhiteElo "2424"]
[BlackElo "2404"]
[Annotator "TA"]
[PlyCount "93"]
[EventDate "2018.??.??"]
[EventType "tourn"]
[EventCountry "POL"]
[SourceTitle "playchess.com"]
[Source "ChessBase"]
[SourceQuality "1"]

{[%evp 22,93,0,0,35,0,0,-34,-54,-40,0,0,4,0,21,15,22,21,35,0,0,0,0,0,0,0,0,0,0,0,3,0,7,0,17,27,18,-31,-27,-37,0,0,0,0,75,31,108,85,165,111,123,116,206,179,331,322,328,245,234,231,2045,2070,1669,1660,5056,5052,29985,29986,29992,29992,29992,29993,29993,29994]} 1. e4 {[%cal Be2e4,Be4e5][%mdl 32]} e5 2. Nf3 Nc6 3. d4 exd4 4. Nxd4 Nf6 5. Nxc6 bxc6 6. e5 Qe7 7. Qe2 Nd5 8. h4 d6 {C45: Scotch Game} 9. c4 Nb6 10. exd6 cxd6 {[%cal Bc7d6,Bd6d5,Bd5d4][%mdl 32]} 11. Be3 Be6 12. Qc2 {LiveBook: 3 Games} Qd7 13. Bd3 $146 ({Predecessor:} 13. Nd2 d5 14. O-O-O d4 15. Ne4 c5 16. Bf4 {1-0 (68) Cheparinov,I (2693)-Alekseev,E (2617) Batumi 2018}) 13... d5 14. c5 d4 $1 {[%cal Rd4e3]} 15. Bd2 Nd5 (15... Qe7 $5 {[%cal Re6b3]} 16. O-O Qxc5 17. Qxc5 Bxc5 $17) 16. O-O Be7 17. Na3 {[%cal Bb1a3,Ba3c4,Bc4e5][%mdl 32]} Bxh4 18. Nc4 Be7 19. Ne5 Qc7 20. Rae1 Ne3 21. fxe3 Qxe5 22. Qa4 O-O {And now ...Rfd8 would win.} 23. exd4 Qc7 $1 24. Be4 {[#] Hoping for Bf4.} Rac8 25. Qc2 h6 26. Qc3 Bh4 27. Re2 $36 {[%mdl 2048] White is more active.} Bg4 28. Bf4 Qd7 29. Rd2 Rfe8 30. Qc2 Bf6 (30... Qe7 $5 {[%cal Re7e4]} 31. Bh7+ Kh8 $15) 31. d5 cxd5 32. Bxd5 Qe7 (32... Re2 $11 {keeps the balance.} 33. Rxe2 Bxe2 34. Qxe2 Qxd5) 33. b4 $16 Kh8 ({Black should play} 33... a5 $14) 34. Qb3 Red8 (34... Be6 $16) 35. a3 (35. Qg3 $18 h5 36. Bd6) 35... h5 36. Qg3 a5 (36... Bg5 $16 {might work better.} 37. Rd4 Bxf4 38. Qxf4 f5) 37. Bd6 $18 Qa7 $2 (37... Qe8 {was worth a try.} 38. Bb7 (38. bxa5 Bg5 $18) 38... Rb8) 38. Rxf6 gxf6 39. Qf4 Kg7 40. Rf2 f5 $2 (40... Rxd6 41. Qxd6 f5) 41. Qg5+ Kh7 42. Rxf5 {[#] Intending Be4! and mate.} Rg8 43. Qf4 Bxf5 44. Qxf5+ {White mates.} Kg7 45. Be5+ Kh6 46. Bf4+ Kg7 47. Qg5+ {Precision: White = 73%, Black = 27%.} 1-0

[Event "Budimex POL-ch Women 2018"]
[Site "Warsaw"]
[Date "2018.05.16"]
[Round "5"]
[White "Rajlich, Iweta"]
[Black "Bartel, Marta"]
[Result "1/2-1/2"]
[WhiteElo "2389"]
[BlackElo "2280"]
[Annotator "TA"]
[PlyCount "103"]
[EventDate "2018.??.??"]
[EventType "tourn"]
[EventCountry "POL"]
[SourceTitle "playchess.com"]
[Source "ChessBase"]
[SourceQuality "1"]

{[%evp 9,103,0,0,0,-9,-2,14,7,40,6,24,11,26,0,29,0,0,-8,4,-33,11,12,14,14,138,87,77,-45,-32,-35,-22,-69,-72,-83,-26,-30,0,0,0,0,0,0,0,0,0,12,37,27,9,10,307,239,268,112,112,117,129,28,28,28,28,28,25,26,27,29,93,85,137,140,182,0,105,0,0,0,0,0,0,0,0,0,0,-8,0,0,0,0,0,0,0,0,0,0,0,0]} 1. b3 d5 2. Bb2 Bg4 3. h3 Bh5 4. Nf3 e6 5. d4 (5. e3 Nf6 6. g4 Bg6 7. Ne5 Nfd7 8. Nxg6 hxg6 9. Bg2 Nc6 10. d3 g5 11. Nd2 Nce5 12. Qe2 Ng6 13. Nf3 Bb4+ {1-0 (36) Edouard,R (2636)-Grandelius,N (2647) Berlin 2015}) 5... Bxf3 6. exf3 {A01: Nimzowitsch-Larsen Opening} Nf6 7. f4 $146 ({Predecessor:} 7. Nd2 c5 8. dxc5 Bxc5 9. Bd3 Nbd7 10. f4 Qc7 11. g3 Bb4 12. O-O {0-1 (43) Barle,J (2380)-Kovacevic,B (2443) Ljubljana 2001}) 7... g6 8. Nd2 Nbd7 9. Bd3 Bg7 10. Qe2 O-O 11. Qe3 c6 12. g4 Qc7 13. Kf1 Rfc8 14. Re1 Ne8 15. Nf3 Nd6 16. Ne5 Nf6 (16... c5 $1 $11) 17. Kg2 ({White should play} 17. h4 $1) 17... a5 $16 18. c4 (18. h4 $16) 18... dxc4 $1 $15 19. bxc4 b5 $1 {Black wants to play ...Nxc4.} 20. g5 Nh5 $1 21. c5 Bxe5 (21... Nf5 $17 22. Bxf5 exf5) 22. dxe5 $11 Ne8 23. Be4 Rd8 24. Rd1 Rd5 $1 25. f5 $36 {[%mdl 2048] White fights for an advantage.} ({Resist} 25. Bxd5 $6 exd5 26. f5 gxf5 $16) 25... gxf5 26. Bf3 ({But not} 26. Bxd5 $6 exd5 27. f4 Neg7 $16) 26... Nhg7 27. h4 f4 28. Qxf4 Rxc5 29. Rc1 Rd5 $2 {[%mdl 8192]} (29... Rxc1 $11 30. Rxc1 Ra6) 30. Bxd5 exd5 31. Qg4 (31. h5 $18 {is more deadly.}) 31... c5 $16 32. f4 d4 33. Bxd4 (33. h5 $1 $16) 33... Qb7+ $11 34. Qf3 Qxf3+ 35. Kxf3 cxd4 36. Ke4 Nh5 {Strongly threatening ...Ng3+.} 37. Rh3 Neg7 {[#]} (37... a4 $11 {remains equal.}) 38. f5 $1 $16 Rd8 (38... b4 $142) 39. Rd3 Rb8 {[#]} 40. Rg1 $2 (40. Rc7 $1 $18) 40... Rd8 (40... Rc8 $11) 41. Rxd4 (41. Rgd1 $16) 41... Ng3+ $11 {The position is equal.} 42. Rxg3 Rxd4+ 43. Kxd4 Nxf5+ 44. Kc5 Nxg3 45. Kxb5 {[%mdl 4096] Endgame KN-KP} Ne4 {White must now prevent ...Nc3+.} 46. Kxa5 Nc3 47. a3 Kf8 48. Kb4 Nd5+ 49. Kc5 Nc3 50. Kb4 Nd5+ 51. Kc5 Nc3 52. Kb4 {Precision: White = 49%, Black = 45%.} 1/2-1/2

[Event "Budimex POL-ch Women 2018"]
[Site "Warsaw"]
[Date "2018.05.16"]
[Round "5"]
[White "Kulon, Klaudia"]
[Black "Warakomska, Anna"]
[Result "0-1"]
[WhiteElo "2353"]
[BlackElo "2295"]
[Annotator "TA"]
[PlyCount "80"]
[EventDate "2018.??.??"]
[EventType "tourn"]
[EventCountry "POL"]
[SourceTitle "playchess.com"]
[Source "ChessBase"]
[SourceQuality "1"]

{[%evp 12,80,4,-5,38,14,35,15,23,10,35,0,9,8,5,2,0,0,7,-10,0,-44,-52,-55,-56,-78,-35,-130,-133,-147,-94,-80,-81,-148,-131,-217,-215,-218,-225,-234,-224,-410,-263,-406,-342,-482,-484,-617,-612,-610,-588,-706,-709,-701,-672,-787,-499,-722,-693,-907,-889,-942,-941,-868,-781,-1146,-1085,-1004,-618,-2957,-2463]} 1. f4 d5 2. Nf3 g6 3. g3 Bg7 4. Bg2 c6 5. d3 Nf6 6. Nc3 O-O 7. O-O {LiveBook: 32 Games} Na6 {A03: Bird's Opening with 1...d5} (7... Nbd7 8. a4 Re8 9. e4 dxe4 10. dxe4 e5 11. f5 b5 12. axb5 cxb5 13. Kh1 Qb6 14. Nh4 Bb7 15. Qe2 {½-½ (42) Nguyen,P (2415)-Antal,G (2534) Budapest 2018}) 8. e3 Nc7 $146 ({Predecessor:} 8... Nc5 9. Qe2 b6 10. Bd2 Ba6 11. Qe1 Qc7 12. h3 Ncd7 13. g4 e5 14. g5 Nh5 15. fxe5 Nxe5 {½-½ (24) McNab,C (2404)-Nolan,G (2175) Stirling 2002}) 9. h3 a5 {The position is equal.} 10. Qe1 a4 11. e4 dxe4 12. dxe4 {[%cal Bd3e4,Be4e5][%mdl 32]} a3 13. e5 axb2 14. Bxb2 Nfd5 15. Nxd5 Nxd5 16. c4 Nb6 {[%cal Bd5b6,Bb6d7,Bd7c5,Bc5d3][%mdl 32]} 17. Qb4 Be6 18. Rfd1 Qc7 19. Nd2 (19. Ng5 $15) 19... Ra4 $36 {[%mdl 2048] Black is really pushing.} 20. Qb3 Rfa8 (20... Nxc4 $142 21. Ne4 Nxb2 22. Qxb2 b6) 21. Bf1 Nd7 22. Ne4 {[#]} (22. Qd3 $142) 22... b5 $1 {[%cal Bb7b5,Bb5c4][%mdl 544]} 23. Ng5 (23. Qc2 $17 {was worth a try.}) (23. cxb5 Bxb3) 23... Bxc4 $19 24. Bxc4 bxc4 25. Qc2 Nc5 26. Rd4 $2 (26. Bc3) 26... Nd3 {And now ...Qa7 would win.} 27. Rb1 (27. Bc3 $142) 27... h6 28. Nf3 (28. Ne4 $142 Qa7 29. Nf2 Nxb2 30. Qxb2) 28... Rxa2 {Black is clearly winning.} 29. Qxc4 Nxb2 30. Qe2 Qb6 31. Qf2 Ra1 32. Rxa1 Rxa1+ 33. Kg2 Ra4 34. h4 (34. Rxa4 $142 Nxa4 35. Qxb6 Nxb6 36. Nh4) 34... Rxd4 35. Nxd4 c5 {[%cal Bc6c5,Bc5c4,Bc4c3][%mdl 32]} 36. Nf3 Nd3 37. Qe3 Qb2+ 38. Nd2 c4 {[#] White must now prevent ...c3.} 39. Kf3 c3 40. Nc4 Qb1 {Precision: White = 19%, Black = 57%.} 0-1

[Event "Budimex POL-ch Women 2018"]
[Site "Warsaw"]
[Date "2018.05.16"]
[Round "5"]
[White "Sliwicka, Alicja"]
[Black "Socko, Monika"]
[Result "0-1"]
[WhiteElo "2261"]
[BlackElo "2458"]
[Annotator "TA"]
[PlyCount "124"]
[EventDate "2018.??.??"]
[EventType "tourn"]
[EventCountry "POL"]
[SourceTitle "playchess.com"]
[Source "ChessBase"]
[SourceQuality "1"]

{[%evp 29,124,28,30,0,0,-8,8,0,0,0,0,-52,-49,-46,-50,-57,-64,-116,-112,-110,-88,-97,-94,-168,-162,-164,-161,-152,-183,-225,-241,-224,-225,-231,-226,-307,-312,-306,-252,-242,-213,-313,-270,-430,-429,-412,-302,-345,0,-222,-159,-247,-181,-195,-189,-226,-182,-196,-177,-170,-82,-170,-120,-145,-102,-101,-102,-113,-102,-198,-105,-166,-168,-228,-226,-267,-237,-264,-264,-264,-264,-264,-264,-264,-264,-442,-354,-551,-552,-867,-870,-853,-836,-800,-797,-29988,-29989]} 1. d4 Nf6 2. c4 e6 3. Nc3 Bb4 4. Qc2 O-O 5. a3 Bxc3+ 6. Qxc3 d6 7. Bg5 Nbd7 8. e3 b6 9. Bd3 Bb7 10. f3 c5 11. Ne2 Rc8 12. Qd2 h6 13. Bh4 cxd4 {E32: Nimzo-Indian: Classical (4 Qc2): 4...0-0} 14. exd4 d5 15. cxd5 Bxd5 {LiveBook: 3 Games. White has an edge.} 16. O-O (16. Ba6 Rc6 17. Bb5 Rc8 18. Nc3 Nb8 19. O-O Bc4 20. Rfe1 Bxb5 21. Nxb5 {½-½ (32) Gelfand,B (2724)-Volokitin,A (2671) Biel 2005}) 16... Bc4 17. Rac1 $146 ({Predecessor:} 17. Rad1 Bxd3 18. Qxd3 Qc7 19. Nc3 Qc4 20. f4 Qxd3 21. Rxd3 {0-1 (52) Rahul,S (2408)-Xiao,Y (2334) Moscow 2018}) 17... b5 18. Bc2 Qb6 19. Rfd1 a5 20. b3 (20. Nc3 $11) 20... Bxe2 $1 $15 21. Qxe2 Nd5 22. Qd2 b4 23. a4 ({White should play} 23. axb4 $15 axb4 24. Be4) 23... Rc3 $17 24. Bf2 Rfc8 {[%cal Bf8c8,Bc8c7,Bc7a7][%mdl 32]} 25. Bd3 Qd8 26. Ba6 (26. Rb1 $17) 26... R8c7 $19 27. Bg3 Ra7 28. Bc4 N7b6 29. Qe2 Nxc4 30. bxc4 Rxc1 $1 31. Rxc1 Nc3 32. Qc2 Rd7 ({Weaker is} 32... Qxd4+ 33. Bf2 $17) 33. Bf2 Qc8 34. c5 Qc6 35. Ra1 (35. h3 $142) 35... Qa6 36. Re1 (36. h3 $142) 36... Qc4 37. Rc1 Rd5 38. Kh1 Rd7 $2 (38... e5 $19 39. Re1 Rd8) 39. h3 $2 (39. Kg1 $1 $11) 39... Rb7 40. Kh2 (40. Bg3 $17) 40... Rc7 41. Bg3 Rc8 $1 42. Bf2 Qd5 43. Re1 Qd7 44. Ra1 Re8 (44... Rd8 $19 {is more deadly.} 45. Bh4 Rc8) 45. Qb3 (45. Qd3 $17) 45... Rb8 46. Bg3 Rb7 47. Qc4 {[#] Hoping for c6.} Qc6 $1 48. Qb3 Rd7 49. Bf2 {[#]} (49. Qc4 $17) 49... h5 (49... e5 $1 $19 {[%mdl 512]} 50. dxe5 Rd2) 50. Qc2 (50. Qc4 $17) 50... Rd5 51. h4 (51. Bg1 {was worth a try.}) 51... Qd7 52. Kh1 Qd8 53. Rf1 Rxd4 54. Bxd4 Qxh4+ ({Resist} 54... Qxd4 55. Qf2 $17) 55. Kg1 Qxd4+ {[%mdl 4096] Endgame KQR-KQN} 56. Qf2 Qc4 57. Kh1 $2 (57. Qe3) 57... Nxa4 58. Ra1 (58. Rd1 {was called for.}) 58... b3 {[%cal Bb4b3,Bb3b2][%mdl 32]} 59. Qe1 Nxc5 60. Qxa5 b2 {( -> ...Qh4+)} 61. Rd1 Qc2 62. Qe1 Nd3 {Precision: White = 23%, Black = 67%.} 0-1